Top 500 most populated American Cities (2021) - Statistics

General Stats
  • This quiz has been taken 89 times
  • The average score is 179 of 500
Answer Stats
Population State City % Correct
2,288,250 Texas Houston
99%
1,576,251 Pennsylvania Philadelphia
99%
1,624,569 Arizona Phoenix
99%
95,050 Utah Sandy
99%
654,776 Massachusetts Boston
97%
2,696,555 Illinois Chicago
97%
149,761 Mississippi Jackson
97%
646,790 Nevada Las Vegas
97%
3,849,297 California Los Angeles
97%
439,890 Florida Miami
97%
8,467,513 New York New York
97%
815,201 California San Francisco
97%
733,919 Washington Seattle
97%
670,050 District of Columbia Washington
97%
964,177 Texas Austin
96%
882,039 Indiana Indianapolis
96%
1,451,853 Texas San Antonio
96%
496,461 Georgia Atlanta
95%
906,528 Ohio Columbus
95%
205,617 Georgia Columbus
95%
711,463 Colorado Denver
95%
678,851 Tennessee Nashville
95%
309,154 Florida Orlando
95%
641,162 Oregon Portland
95%
879,709 North Carolina Charlotte
93%
954,614 Florida Jacksonville
93%
687,725 Oklahoma Oklahoma City
93%
308,935 Ohio Cincinnati
92%
525,041 California Sacramento
92%
387,050 Florida Tampa
92%
508,394 Missouri Kansas City
91%
154,545 Kansas Kansas City
91%
562,599 New Mexico Albuquerque
89%
367,991 Ohio Cleveland
89%
628,127 Tennessee Memphis
89%
376,971 Louisiana New Orleans
89%
983,489 California San Jose
89%
293,310 Missouri St. Louis
89%
544,510 California Fresno
88%
76,544 California Pittsburg
88%
678,415 Texas El Paso
85%
935,508 Texas Fort Worth
85%
307,193 Minnesota St. Paul
85%
628,594 Kentucky Louisville
84%
268,851 Nevada Reno
84%
345,510 Hawaii Honolulu
82%
469,124 North Carolina Raleigh
82%
226,604 Virginia Richmond
82%
115,639 California Richmond
82%
543,242 Arizona Tucson
82%
288,121 Alaska Anchorage
81%
197,575 Alabama Birmingham
81%
237,446 Idaho Boise
80%
487,300 Nebraska Omaha
80%
189,692 Rhode Island Providence
78%
457,672 Virginia Virginia Beach
78%
276,807 New York Buffalo
77%
483,956 Colorado Colorado Springs
77%
292,657 Nebraska Lincoln
77%
269,196 Wisconsin Madison
77%
433,823 California Oakland
77%
177,723 Oregon Salem
77%
151,612 South Carolina Charleston
76%
425,336 Minnesota Minneapolis
76%
169,724 Missouri Springfield
76%
154,789 Massachusetts Springfield
76%
113,394 Illinois Springfield
76%
411,401 Oklahoma Tulsa
76%
395,699 Kansas Wichita
76%
98,617 New York Albany
74%
1,288,457 Texas Dallas
74%
632,464 Michigan Detroit
74%
201,998 Arkansas Little Rock
74%
198,665 Alabama Montgomery
74%
212,031 Iowa Des Moines
73%
283,927 New Jersey Jersey City
73%
456,062 California Long Beach
73%
307,220 New Jersey Newark
73%
222,185 Louisiana Baton Rouge
72%
181,668 Florida Fort Lauderdale
72%
88,193 New Mexico Santa Fe
72%
147,088 Georgia Savannah
72%
258,201 Florida St. Petersburg
70%
197,102 Florida Tallahassee
70%
137,541 South Carolina Columbia
69%
126,853 Missouri Columbia
69%
317,773 Texas Corpus Christi
69%
192,648 Tennessee Knoxville
69%
102,988 Texas Wichita Falls
69%
107,015 Wisconsin Green Bay
68%
196,528 South Dakota Sioux Falls
68%
345,940 California Anaheim
66%
509,475 Arizona Mesa
66%
1,381,611 California San Diego
66%
125,963 Kansas Topeka
66%
392,786 Texas Arlington
65%
112,684 Michigan Lansing
65%
210,606 New York Rochester
65%
121,465 Minnesota Rochester
65%
229,071 Washington Spokane
65%
90,457 New Jersey Trenton
65%
389,347 Colorado Aurora
64%
120,576 Connecticut Hartford
64%
200,478 Utah Salt Lake City
64%
189,347 Ohio Akron
61%
137,571 Ohio Dayton
61%
321,793 Kentucky Lexington
61%
184,952 Alabama Mobile
61%
88,255 California Santa Barbara
61%
201,234 Texas Amarillo
59%
201,196 Georgia Augusta
59%
317,261 California Riverside
59%
222,203 California San Bernardino
59%
209,530 New York Yonkers
58%
407,615 California Bakersfield
57%
175,096 Oregon Eugene
57%
197,416 Michigan Grand Rapids
57%
136,309 Connecticut Stamford
57%
104,175 Colorado Boulder
55%
93,535 California Carson
55%
235,089 Virginia Norfolk
55%
148,626 Texas Pasadena
55%
135,732 California Pasadena
55%
126,748 North Dakota Fargo
54%
265,974 Indiana Fort Wayne
54%
309,441 California Santa Ana
54%
121,771 Louisiana Lafayette
53%
260,993 Texas Lubbock
53%
115,462 New Hampshire Manchester
53%
146,103 New York Syracuse
53%
139,594 Texas Waco
53%
179,266 Illinois Aurora
51%
576,498 Maryland Baltimore
51%
249,630 Arizona Glendale
51%
192,366 California Glendale
51%
135,081 Connecticut New Haven
51%
91,105 California Santa Monica
51%
117,643 North Carolina Wilmington
51%
127,358 Georgia Athens
50%
117,445 Montana Billings
50%
89,576 Arkansas Fort Smith
50%
298,263 North Carolina Greensboro
50%
322,178 Nevada Henderson
50%
121,536 Michigan Ann Arbor
49%
182,113 Tennessee Chattanooga
49%
124,074 California Concord
49%
569,330 Wisconsin Milwaukee
49%
274,133 Nevada North Las Vegas
49%
322,120 California Stockton
49%
107,697 North Carolina Concord
47%
216,963 Alabama Huntsville
47%
242,753 Arizona Scottsdale
47%
107,017 California West Covina
47%
205,918 Massachusetts Worcester
47%
208,778 North Carolina Fayetteville
46%
95,230 Arkansas Fayetteville
46%
137,264 California Orange
46%
184,021 Louisiana Shreveport
46%
192,169 Washington Vancouver
46%
148,333 Connecticut Bridgeport
45%
309,031 California Irvine
45%
256,153 Texas Laredo
45%
75,874 Pennsylvania Scranton
45%
154,706 Virginia Alexandria
43%
117,090 Massachusetts Cambridge
43%
86,372 Minnesota Duluth
43%
140,398 Florida Gainesville
43%
218,771 California Modesto
43%
114,084 Utah Provo
43%
136,467 Iowa Cedar Rapids
42%
122,989 California Clovis
42%
152,131 Florida Hollywood
42%
106,941 California Jurupa Valley
42%
170,150 California Lancaster
42%
288,253 Texas Plano
42%
85,617 Iowa Sioux City
42%
103,353 Indiana South Bend
42%
117,145 California Berkeley
41%
277,220 California Chula Vista
41%
108,420 Michigan Dearborn
41%
80,628 Michigan Flint
41%
184,587 Virginia Newport News
41%
184,118 Arizona Tempe
41%
79,430 California Tustin
41%
250,320 North Carolina Winston-Salem
41%
76,989 Arizona Flagstaff
39%
168,538 Colorado Fort Collins
39%
88,728 North Carolina Greenville
39%
156,762 Georgia Macon
39%
93,999 Erie Pennsylvania
39%
300,431 Pennsylvania Pittsburgh
39%
219,205 Washington Tacoma
39%
102,059 Oregon Bend
38%
251,269 Virginia Chesapeake
38%
143,920 Texas McAllen
38%
194,917 Arizona Peoria
38%
111,666 Illinois Peoria
38%
100,618 Alabama Tuscaloosa
38%
89,298 Minnesota Bloomington
36%
79,968 Indiana Bloomington
36%
78,283 Illinois Bloomington
36%
95,787 Florida Boca Raton
36%
150,372 Illinois Joliet
36%
197,106 Kansas Overland Park
36%
117,286 Florida West Palm Beach
36%
187,831 Texas Brownsville
35%
285,527 North Carolina Durham
35%
135,407 New Jersey Elizabeth
35%
254,198 Texas Irving
35%
112,483 Texas Odessa
35%
224,593 California Santa Clarita
35%
268,508 Ohio Toledo
35%
94,067 North Carolina Asheville
34%
176,987 North Carolina Cary
34%
93,597 California Compton
34%
201,879 California Oxnard
34%
127,151 California Santa Clara
34%
149,440 Washington Bellevue
32%
101,009 Iowa Davenport
32%
113,911 Illinois Elgin
32%
128,097 Oklahoma Norman
32%
172,982 California Oceanside
32%
147,711 Illinois Rockford
32%
204,510 Florida Cape Coral
31%
116,486 Indiana Evansville
31%
196,652 California Huntington Beach
31%
131,325 Texas Midland
31%
86,798 Utah Ogden
31%
177,963 California Ontario
31%
98,865 Virginia Roanoke
31%
99,958 Utah St. George
31%
106,874 Texas Allen
30%
116,674 Florida Clearwater
30%
92,245 Florida Fort Myers
30%
227,514 California Fremont
30%
95,256 Kansas Lawrence
30%
88,508 Massachusetts Lawrence
30%
149,104 Illinois Naperville
30%
91,124 New Hampshire Nashua
30%
176,938 California Santa Rosa
30%
79,274 California Upland
30%
85,699 Washington Auburn
28%
78,564 Alabama Auburn
28%
85,469 Tennessee Franklin
28%
99,286 Wisconsin Kenosha
28%
217,523 Florida Port St. Lucie
28%
242,035 Texas Garland
27%
273,136 Arizona Gilbert
27%
137,746 Virginia Hampton
27%
94,844 Pennsylvania Reading
27%
96,194 Virginia Suffolk
27%
125,070 Texas Abilene
26%
170,957 Tennessee Clarksville
26%
157,794 New Jersey Paterson
26%
112,368 Colorado Pueblo
26%
107,192 Texas Tyler
26%
112,556 Texas Beaumont
24%
105,401 California Burbank
24%
279,458 Arizona Chandler
24%
120,019 Texas College Station
24%
210,719 Texas Frisco
24%
143,014 Kansas Olathe
24%
93,462 California Redding
24%
92,530 Georgia Roswell
24%
109,711 California Santa Maria
24%
138,130 Michigan Warren
24%
148,146 Texas Denton
23%
77,517 Illinois Evanston
23%
115,425 Florida Lakeland
23%
156,605 Colorado Lakewood
23%
138,070 New Jersey Lakewood
23%
80,611 California Lakewood
23%
85,064 Florida Melbourne
23%
106,186 Idaho Nampa
23%
78,818 California Napa
23%
101,119 Massachusetts Quincy
23%
76,184 South Dakota Rapid City
23%
149,191 Arizona Surprise
23%
143,600 California Torrance
23%
139,110 Utah West Valley City
23%
125,944 Pennsylvania Allentown
22%
74,854 Wisconsin Appleton
22%
89,114 Illinois Champaign
22%
134,835 Washington Kent
22%
113,994 Massachusetts Lowell
22%
211,600 California Moreno Valley
22%
157,519 Tennessee Murfreesboro
22%
98,857 Texas New Braunfels
22%
97,840 Virginia Portsmouth
22%
162,791 California Salinas
22%
109,925 California Ventura
22%
85,311 California Whittier
22%
115,302 California Carlsbad
20%
95,782 Florida Deltona
20%
107,626 New Jersey Edison
20%
210,761 California Fontana
20%
220,490 Florida Hialeah
20%
81,097 Louisiana Lake Charles
20%
79,828 Minnesota Plymouth
20%
102,200 California San Mateo
20%
125,754 California Thousand Oaks
20%
113,811 Connecticut Waterbury
20%
116,541 Utah West Jordan
20%
96,578 Washington Yakima
20%
150,665 California Escondido
19%
110,812 Washington Everett
19%
122,088 Missouri Independence
19%
147,691 Texas Mesquite
19%
169,391 Florida Pembroke Pines
19%
86,836 Michigan Troy
19%
116,330 Oklahoma Broken Arrow
18%
102,338 California Chico
18%
178,997 California Elk Grove
18%
79,588 Maryland Frederick
18%
141,874 California Fullerton
18%
156,261 Texas Killeen
18%
85,742 California Lake Forest
18%
202,690 Texas McKinney
18%
86,367 Oregon Medford
18%
110,867 Florida Miami Gardens
18%
117,472 South Carolina North Charleston
18%
175,142 California Rancho Cucamonga
18%
123,876 Texas Round Rock
18%
133,269 Michigan Sterling Heights
18%
109,373 Texas Sugar Land
18%
83,011 Rhode Island Warwick
18%
133,251 Texas Carrollton
16%
92,975 California Chino
16%
197,347 Texas Grand Prairie
16%
91,605 New Jersey Hamilton Township
16%
92,589 Alabama Hoover
16%
105,181 California Inglewood
16%
79,324 Arkansas Jonesboro
16%
94,422 Michigan Livonia
16%
79,009 Virginia Lynchburg,
16%
100,843 Massachusetts Lynn
16%
86,223 Texas Mission
16%
100,941 Massachusetts New Bedford
16%
81,587 New York New Rochelle
16%
99,667 Texas San Angelo
16%
109,796 Nevada Sparks
16%
103,078 California Vacaville
16%
76,362 California Alameda
15%
159,743 California Corona
15%
101,243 California Daly City
15%
159,827 California Hayward
15%
114,086 North Carolina High Point
15%
79,436 Florida Kissimmee
15%
92,449 California Mission Viejo
15%
100,373 California Norwalk
15%
91,194 Connecticut Norwalk
15%
165,761 California Palmdale
15%
79,982 Ohio Parma
15%
148,338 California Pomona
15%
77,127 Wisconsin Racine
15%
151,901 California Roseville
15%
125,975 California Simi Valley
15%
79,815 Massachusetts Somerville
15%
152,258 California Sunnyvale
15%
92,289 Washington Bellingham
14%
105,446 Massachusetts Brockton
14%
100,777 Indiana Carmel
14%
83,161 Illinois Cicero
14%
119,705 California Fairfield
14%
109,323 Colorado Greeley
14%
76,984 Indiana Hammond
14%
112,914 New Mexico Las Cruces
14%
89,308 California Merced
14%
135,077 Florida Miramar
14%
84,792 California Newport Beach
14%
97,861 Utah Orem
14%
125,990 Texas Pearland
14%
96,021 Florida Sunrise
14%
142,978 California Visalia
14%
88,614 Illinois Waukegan
14%
97,093 Arizona Yuma
14%
82,566 Rhode Island Cranston
12%
86,759 Connecticut Danbury
12%
170,488 California Garden Grove
12%
75,420 Texas Georgetown
12%
125,963 Idaho Meridian
12%
80,671 Florida Miami Beach
12%
104,394 California Rialto
12%
94,926 California San Marcos
12%
105,905 Washington Spokane Valley
12%
110,846 California Temecula
12%
114,561 Colorado Westminster
12%
90,195 California Westminster
12%
132,822 Florida Coral Springs
11%
111,645 California Downey
11%
102,483 Texas Edinburg
11%
105,432 California El Cajon
11%
99,037 Washington Federal Way
11%
90,416 California Indio
11%
91,055 Oklahoma Lawton
11%
77,194 Colorado Loveland
11%
92,398 South Carolina Mount Pleasant
11%
122,942 Florida Palm Bay
11%
105,834 New Mexico Rio Rancho
11%
142,610 Colorado Thornton
11%
135,950 California Victorville
11%
81,211 California Alhambra
9%
114,794 California Antioch
9%
123,436 Colorado Arvada
9%
101,315 Arizona Buckeye
9%
110,750 California Costa Mesa
9%
101,733 Arizona Goodyear
9%
113,103 Oregon Gresham
9%
84,488 Washington Kennewick
9%
102,781 Missouri Lee's Summit
9%
79,978 Utah Lehi
9%
100,758 Colorado Longmont
9%
81,762 Texas Longview
9%
81,516 California Mountain View
9%
112,991 California Murrieta
9%
87,453 Massachusetts Newton
9%
111,348 Florida Pompano Beach
9%
105,179 Washington Renton
9%
116,382 Texas Richardson
9%
107,180 Georgia Sandy Springs
9%
77,082 Illinois Schaumburg
9%
95,387 California Tracy
9%
124,886 California Vallejo
9%
104,882 Florida Davie
8%
95,341 Oklahoma Edmond
8%
106,907 California El Monte
8%
93,884 Massachusetts Fall River
8%
101,171 Indiana Fishers
8%
81,224 California Folsom
8%
86,091 California Hawthorne
8%
100,971 California Hesperia
8%
106,633 Oregon Hillsboro
8%
80,528 Florida Homestead
8%
112,944 Texas Lewisville
8%
86,803 California Livermore
8%
75,387 Rhode Island Pawtucket
8%
81,643 California Redwood City
8%
86,947 California San Ramon
8%
87,609 Arkansas Springdale
8%
97,304 New Jersey Toms River
8%
103,212 New Jersey Woodbridge Township
8%
76,749 Michigan Wyoming
8%
76,000 Illinois Arlington Heights
7%
75,474 New Jersey Cherry Hill Township
7%
94,400 Texas Conroe
7%
81,161 North Carolina Gastonia
7%
82,341 Florida Largo
7%
93,644 Missouri O'Fallon
7%
92,986 Florida Plantation
7%
81,446 Georgia Warner Robins
7%
76,224 California Apple Valley
5%
98,216 Oregon Beaverton
5%
80,089 Florida Boynton Beach
5%
106,966 Colorado Centennial
5%
87,402 California Citrus Heights
5%
89,367 New Jersey Clifton
5%
75,966 Florida Doral
5%
77,243 Texas Flower Mound
5%
90,436 California Hemet
5%
115,595 Texas League City
5%
85,792 California Manteca
5%
106,401 California Menifee
5%
80,021 Florida North Port
5%
93,833 Florida Palm Coast
5%
78,871 Washington Pasco
5%
88,868 California San Leandro
5%
75,898 Michigan Southfield
5%
80,139 Utah South Jordan
5%
85,416 Texas Temple
5%
98,655 California Vista
5%
90,564 Arizona Avondale
4%
75,325 Colorado Broomfield
4%
86,866 Texas Bryan
4%
78,693 Texas Cedar Park
4%
83,292 Michigan Farmington Hills
4%
76,354 Washington Redmond
4%
76,028 Michigan Rochester Hills
4%
108,575 Georgia South Fulton
4%
91,154 California South Gate
4%
84,515 Michigan Westland
4%
84,526 Minnesota Brooklyn Park
3%
83,011 California Buena Park
3%
78,665 California Chino Hills
3%
86,339 Florida Deerfield Beach
3%
92,107 Washington Kirkland
3%
83,291 Utah Layton
3%
79,835 California Perris
3%
78,252 California Pleasanton
3%
80,413 California Rancho Cordova
3%
84,891 Pennsylvania Upper Darby
3%
76,990 Minnesota Woodbury
3%
82,480 Texas Baytown
1%
77,408 California Bellflower
1%
74,903 New Jersey Brick Township
1%
89,234 New York Cheektowaga
1%
96,231 New York Greece
1%
82,065 Georgia Johns Creek
1%
79,066 California Milpitas
1%
76,353 Colorado Castle Rock
0%
79,697 Texas Pharr
0%
No matching quizzes found
Score Distribution
Percent of People with Each Score
Percentile by Number Answered
Your Score History
You have not taken this quiz